000
00313nam a2200133Ia 4500
100
_a
Siddiquee/ Khan
942
_c
BK
654
_a
Engg. Drawing
245
_a
Engineering Drawing with Primer on AUTOCAD
260
_b
Prentice Hall
_a
Bombay
_c
2004
082
_a
604.2
_b
SID
300
_a
312
546
_a
ENGLISH
999
_c
26019
_d
26019